Quick Pick: Disney Princesses Speak Quiz Stats

 Plays Quiz Updated Feb 5, 2018

Challenge
Share
Tweet
Embed
Score 0/5 Timer 01:30
31 Plays Today
% Correct
Brave
64%
Cinderella
57.9%
Tangled
53.1%
Snow White and the Seven Dwarfs
44%
Sleeping Beauty
40.3%

Today's Daily Dose

You're not logged in!

Compare scores with friends on all Sporcle quizzes.
OR
Log In

You Might Also Like...

Show Comments

Extras

Top Quizzes Today


Score Distribution

Your Account Isn't Verified!

In order to create a playlist on Sporcle, you need to verify the email address you used during registration. Go to your Sporcle Settings to finish the process.

Report this User

Report this user for behavior that violates our Community Guidelines.

Details: